000 00522nam a22001577a 4500
999 _c509632
_d509632
008 190516b ||||| |||| 00| 0 eng d
100 _aSaxena, Mohina
_95714
245 _aA time series analysis of the nexus between telecommunications infrastructure and economic growth in India
260 _c2018
300 _ap.189-210.
650 _aEconomic growth - India
_95715
700 _aBhattacharyya, Surajit
_95716
773 _aIndian Journal of Economics
906 _aTelecommunications infrastructure
942 _cAR